000 00434nam a2200157Ia 4500
003 GCL
008 140319s9999 xx 000 0 ara d
040 _aGCL /
_cGCL
082 0 4 _a843.03
_bم غ
100 1 _aموروا , اندرية
245 1 0 _aغريزة السعادة /
_cموروا , اندرية
490 _aروايات الهلال
_v0
650 0 4 _aالادب
650 0 4 _aالادب الفرنسى
942 _2ddc
_cBK
999 _c39738
_d39738